000 01360cam a2200385 i 4500
001 1764
003 FISKH
005 20230928144519.0
008 130417s2014 nyua j 001 0 eng c
010 _a 2013014929
020 _a9780531299494 (library binding)
020 _a9780531225783 (pbk.)
040 _aNJQ/DLC
_beng
_cNJQ
_erda
_dDLC
042 _apcc
050 0 0 _aQB637.8
_b.H474 2014
082 0 4 _a508.2
_223
100 1 _aHerrington, Lisa M.,
_e
245 1 0 _aHow do you know it's winter? /
_cby Lisa M. Herrington, content consultant, Randy C. Bilik, M.A., Julia A. Stark Elementary, Stamford, Connecticut ; reading consultant, Jeanne Clidas, Ph.D., reading specialist.
246 3 _aHow do you know it is winter?
264 1 _aNew York :
_bScholastic,
_c2014.
300 _a32 pages :
_bcolor illustrations ;
_c19 cm.
336 _atext
_2rdacontent
337 _aunmediated
_2rdamedia
338 _avolume
_2rdacarrier
490 1 _aRookie read-about science
505 0 _aN
520 _a"Introduces the reader to the winter season."--
521 1 _a560
_bLexile
521 1 _aN
_bRaz-Plus
650 0 _aWinter
_vJuvenile literature.
830 0 _aRookie read-about science.
906 _a7
_bcbc
_corignew
_d1
_eecip
_f20
_gy-gencatlg
942 _2ddc
_cBK
_n0
999 _c1764
_d1764